000 01819nam a22005297a 4500
003 OSt
005 20230327124718.0
008 221006b |||||||| |||| 00| 0 eng d
040 _cBiblioteca Lado V
082 _a701.1
_bS744a
100 _9795
_aSrendni de Birbragher, Celia
_eeditora
_edirectora
245 _aArtNexus/
260 _bAsociación de Revistas Culturales
_c2005
_aU.S.A.
_aColombia
300 _c21x28cm
_a198p.
366 _eeng
490 _a59
_v4
_vDiciembre-Febrero
_v2005
_x0121 5639
505 _tLa trilogía del escarabajo
505 _tMarie Orensanz
_aEl pensamiento estético
505 _tV Bienal del MERCOSUR
505 _tFeliz Gonzalez-Torres
505 _tNedo M.F.
505 _tRoberto Burle Marx
505 _tBienales de Praga
505 _tJuan Gris
_aMuseo Reina Sofia
505 _tVII Bienal de Panama
505 _tFotografica Bogota
505 _tPablo Siquier
505 _tRamiro Llona
505 _tFIAC
505 _tFrieze Art Fair Scope & Zoo
505 _tExposiciones Colectivas
505 _tCronicas
505 _tGuía de Galerías y Museos
505 _tReseña de libros
505 _tLIbros y Catalogos
505 _tLibros para la Venta
650 _2Tesauro de Arte & Arquitectura
_aARTE
_9703
650 _2Tesauro de Arte & Arquitectura
_aEXPOSICIONES
650 _2Tesauro de Arte & Arquitectura
_aBIENAL
650 _2Tesauro de Arte & Arquitectura
_aAPRECIACION
650 _2Tesauro de Arte & Arquitectura
_aTEORIA
650 _2Tesauro de Arte & Arquitectura
_aCRITICA
650 _2Tesauro de Arte & Arquitectura
_aFOTOGRAFIA
_9702
650 _2Tesauro de Arte & Arquitectura
_aLITERATURA
651 _2Tesauro de Arte & Arquitectura
_aCOLOMBIA
942 _2ddc
_c1
_h701.1
_iS744a
_n0
999 _c3310
_d3310